| 000 | 00549nam a2200181Ia 4500 | ||
|---|---|---|---|
| 005 | 20250508163802.0 | ||
| 008 | 008 250505s9999 xx 000 0 eng d | ||
| 037 | _aReference | ||
| 040 |
_aFEDL _beng _cFEDL |
||
| 041 |
_aeng _2eng |
||
| 084 |
_a150, VYG/RR _qFEDL |
||
| 100 | _aVygotsky L S | ||
| 245 | 0 | _aCollected works of L.S. Vygotsky Vols. 3 - 6 | |
| 260 |
_aNew York, USA _bPlenum Press _c1997 |
||
| 490 | _vV.3 Problems of the theory and history of psychology | ||
| 942 |
_cREF _h150, VYG/RR |
||
| 999 |
_c1385234 _d1385234 |
||